| 000 | 00441nam a2200169Ia 4500 | ||
|---|---|---|---|
| 005 | 20250423100442.0 | ||
| 008 | 250422s9999 xx 000 0 und d | ||
| 020 | _a0- 262- 68053- X | ||
| 050 | _aBF455.R853 | ||
| 100 | _aDavid E. Rumelhart | ||
| 245 | 0 | _aParallel distributed processing | |
| 260 | _bMassachusetts institute of technology | ||
| 260 | _c1986 | ||
| 300 | _a547 p | ||
| 650 | _aHuman information processing | ||
| 942 | _cBK | ||
| 999 |
_c33350 _d33350 |
||